000 00569nam a22001937a 4500
999 _c169326
_d169326
005 20191114172719.0
010 _aENG-126910
020 _c399.00
_a9789388322317
035 _aEN-110442
037 _bDBAD/PUB
082 _aS
100 _aMangolia
245 _aMouse attack :
_cby Mangolia
_bthe amazing adventures of arvee the mouse /
260 _aGurugram
_bHachette Book Publishing
_c2019
270 _a4th / 5th Floors, Corporate Centre, Plot No.94, Sector-44, Gurugram
_e122003
300 _a176p.
_c19cm(pbk)
700 _a
942 _2ddc
_cEN
_hS
_mMAN